Investigación de operaciones: el arte de la toma de decisiones

Sparad:
Bibliografiska uppgifter
Huvudupphovsmän: Mathur, Kamlesh (autor), Solow, Daniel (Författare, medförfattare)
Materialtyp: Bok
Språk:spanska
Publicerad: Ciudad de México Prentice-Hall Hispanoamericana 1996
Ämnen:
Taggar: Lägg till en tagg
Inga taggar, Lägg till första taggen!

MARC

LEADER 00000nam a2200000 a 4500
001 UCS8565
003 CL-VaPUC
005 20240104150739.0
008 971107e19960000MX |||||||||||||||||spa|d
999 |c 262906  |d 262904 
020 |a 9688806986 
040 |c Pontificia Universidad Católica de Valparaíso 
082 0 4 |a 658.403  |b MAT  |2 21 
100 |a Mathur, Kamlesh  |e autor  |9 393374 
245 1 0 |a Investigación de operaciones: el arte de la toma de decisiones 
260 |a Ciudad de México  |b Prentice-Hall Hispanoamericana  |c 1996 
300 |a 977 p 
500 |a Incluye diskette 
583 |a last modification  |c 20170510 01:13:00  |k Rodrigo Vera 
650 0 |a Análisis de sistemas   |9 260059 
650 0 |a Toma de decisiones   |9 257530 
650 0 |a Programación lineal   |9 23 
700 0 |a Solow, Daniel  |e author  |9 393375 
942 |c BK  |2 ddc 
945 |d 19971107 00:00:00  |a rleighto 
952 |0 0  |1 0  |4 0  |6 658_403000000000000_MAT_1996  |7 0  |8 A  |9 291854  |a BIBENE  |b BIBENE  |d 2019-11-19  |i 3361306  |o 658.403 MAT 1996  |p 3361306  |r 2025-01-15  |w 2019-11-19  |y BK  |k ICO 
952 |0 0  |1 0  |4 0  |6 658_403000000000000_MAT_1996  |7 0  |8 A  |9 291855  |a BIBENE  |b BIBENE  |d 2019-11-19  |i 3444716  |o 658.403 MAT 1996  |p 3444716  |r 2025-01-15  |w 2019-11-19  |y BK  |k ICO 
952 |0 0  |1 0  |4 0  |6 658_403000000000000_MAT_1996  |7 0  |8 A  |9 291856  |a BIBALI  |b BIBALI  |c RES  |d 2019-11-19  |i 3799484  |o 658.403 MAT 1996  |p 3799484  |r 2025-01-20  |w 2019-11-19  |y BK_R  |k ALI 
952 |0 0  |1 0  |4 0  |6 658_403000000000000_MAT_1996  |7 0  |8 A  |9 291857  |a BIBALI  |b BIBALI  |c RES  |d 2019-11-19  |i 3799514  |o 658.403 MAT 1996  |p 3799514  |r 2025-01-20  |w 2019-11-19  |y BK_R  |k ALI 
952 |0 0  |1 0  |4 0  |6 658_403000000000000_MAT_1996  |7 0  |8 A  |9 291858  |a BIBALI  |b BIBALI  |c RES  |d 2019-11-19  |i 3799506  |o 658.403 MAT 1996  |p 3799506  |r 2025-01-20  |w 2019-11-19  |y BK_R  |k ALI 
952 |0 0  |1 0  |4 0  |6 658_403000000000000_MAT_1996  |7 0  |8 A  |9 291859  |a BIBALI  |b BIBALI  |c RES  |d 2019-11-19  |i 3799492  |o 658.403 MAT 1996  |p 3799492  |r 2025-01-20  |w 2019-11-19  |y BK_R  |k ALI 
952 |0 0  |1 0  |4 0  |6 658_403000000000000_MAT_1996  |7 0  |8 A  |9 291860  |a BIBGIM  |b BIBGIM  |d 2019-11-19  |i 380318K  |o 658.403 MAT 1996  |p 380318K  |r 2025-01-15  |w 2019-11-19  |y BK  |k GIM 
952 |0 0  |1 0  |4 0  |6 658_403000000000000_MAT_1996  |7 0  |8 A  |9 291861  |a BIBALI  |b BIBALI  |c RES  |d 2019-11-19  |i 3856615  |o 658.403 MAT 1996  |p 3856615  |r 2025-01-20  |w 2019-11-19  |y BK_R  |k ALI 
952 |0 0  |1 0  |4 0  |6 658_403000000000000_MAT_1996  |7 0  |8 A  |9 291862  |a BIBALI  |b BIBALI  |c RES  |d 2019-11-19  |i 4099494  |o 658.403 MAT 1996  |p 4099494  |r 2025-01-20  |w 2019-11-19  |y BK_R  |k ALI